[Event "European Women's Championship"]
[Site "Vysoke Tatry"]
[Date "2018.04.13"]
[Round "6"]
[White "Gvanceladze, Anna"]
[Black "Gevorgyan, Maria"]
[Result "1-0"]
[Board "43"]
[WhiteElo "2302"]
[WhiteTitle "WFM"]
[WhiteCountry "RUS"]
[WhiteFideId "4113721"]
[WhiteEloChange "8"]
[BlackElo "2226"]
[BlackTitle "WIM"]
[BlackCountry "ARM"]
[BlackFideId "13300270"]
[BlackEloChange "-8"]

1. e4 {[%clk 1:30:57]} c5 {[%clk 1:30:47]} 2. Nf3 {[%clk 1:31:21]} e6 {[%clk
1:31:13]} 3. g3 {[%clk 1:31:46]} Nc6 {[%clk 1:31:21]} 4. Bg2 {[%clk 1:32:09]} Nf6
{[%clk 1:31:22]} 5. Qe2 {[%clk 1:32:34]} d5 {[%clk 1:31:05]} 6. exd5 {[%clk
1:32:57]} Nxd5 {[%clk 1:31:31]} 7. O-O {[%clk 1:33:20]} Be7 {[%clk 1:31:56]} 8.
Rd1 {[%clk 1:33:33]} Bf6 {[%clk 1:31:59]} 9. Nc3 {[%clk 1:23:03]} O-O {[%clk
1:32:23]} 10. Ne4 {[%clk 1:22:42]} Be7 {[%clk 1:32:47]} 11. c4 {[%clk 1:15:55]}
Nc7 {[%clk 1:32:37]} 12. d3 {[%clk 1:14:10]} Nd4 {[%clk 1:27:48]} 13. Nxd4 {[%clk
1:14:07]} cxd4 {[%clk 1:27:54]} 14. f4 {[%clk 1:13:49]} Rb8 {[%clk 1:23:40]} 15.
b3 {[%clk 1:11:33]} f6 {[%clk 1:18:33]} 16. Rb1 {[%clk 1:04:25]} Bd7 {[%clk
1:08:57]} 17. Bb2 {[%clk 1:01:58]} e5 {[%clk 1:07:53]} 18. fxe5 {[%clk 0:58:35]}
fxe5 {[%clk 1:08:08]} 19. Rf1 {[%clk 0:58:43]} Qe8 {[%clk 1:02:55]} 20. Rxf8+
{[%clk 0:49:36]} Kxf8 {[%clk 1:02:22]} 21. Re1 {[%clk 0:41:46]} Kg8 {[%clk
0:58:32]} 22. Bc1 {[%clk 0:40:17]} Qg6 {[%clk 0:57:03]} 23. Nf2 {[%clk 0:39:21]}
Bd6 {[%clk 0:49:15]} 24. Be4 {[%clk 0:36:38]} Bf5 {[%clk 0:48:19]} 25. Bd2 {[%clk
0:36:34]} b6 {[%clk 0:40:43]} 26. b4 {[%clk 0:30:31]} Ne6 {[%clk 0:38:33]} 27.
Bd5 {[%clk 0:29:36]} Kh8 {[%clk 0:37:52]} 28. Kh1 {[%clk 0:25:35]} Ng5 {[%clk
0:30:58]} 29. g4 {[%clk 0:22:32]} Be6 {[%clk 0:31:16]} 30. Bxg5 {[%clk 0:21:36]}
Bxd5+ {[%clk 0:31:40]} 31. cxd5 {[%clk 0:22:03]} Qxg5 {[%clk 0:32:05]} 32. Ne4
{[%clk 0:22:24]} Qe7 {[%clk 0:30:23]} 33. Nxd6 {[%clk 0:22:48]} Qxd6 {[%clk
0:30:50]} 34. Qxe5 {[%clk 0:23:12]} Qf8 {[%clk 0:27:20]} 35. Kg1 {[%clk 0:19:04]}
h6 {[%clk 0:23:30]} 36. d6 {[%clk 0:13:15]} Qf3 {[%clk 0:20:37]} 37. Qf5 {[%clk
0:08:02]} Qxf5 {[%clk 0:05:47]} 38. gxf5 {[%clk 0:08:26]} Rd8 {[%clk 0:05:57]}
39. Re6 {[%clk 0:08:44]} Kg8 {[%clk 0:05:38]} 40. Kg2 {[%clk 0:39:04]} Rf8 {[%clk
0:35:39]} 41. Kg3 {[%clk 0:36:41]} a5 {[%clk 0:27:40]} 42. bxa5 {[%clk 0:36:30]}
bxa5 {[%clk 0:27:56]} 43. Kf4 {[%clk 0:36:49]} Rb8 {[%clk 0:27:50]} 44. Ke4
{[%clk 0:36:48]} Kf7 {[%clk 0:27:00]} 45. Kxd4 {[%clk 0:37:06]} h5 {[%clk
0:25:35]} 46. h4 {[%clk 0:36:24]} a4 {[%clk 0:25:11]} 47. Kc5 {[%clk 0:35:53]}
Rc8+ {[%clk 0:19:24]} 48. Kd5 {[%clk 0:36:07]} Ra8 {[%clk 0:18:05]} 49. d7 {[%clk
0:35:07]} a3 {[%clk 0:16:01]} 50. Kc6 {[%clk 0:32:02]} g6 {[%clk 0:15:38]} 51.
Rxg6 {[%clk 0:31:52]} Ra6+ {[%clk 0:09:32]} 52. Kb7 {[%clk 0:32:14]} Ra5 {[%clk
0:09:41]} 53. d8Q {[%clk 0:31:32]} Ra7+ {[%clk 0:10:09]} 54. Kc6 {[%clk 0:31:56]}
1-0

[Event "European Women's Championship"]
[Site "Vysoke Tatry"]
[Date "2018.04.13"]
[Round "6"]
[White "Kusenkova, Natallia"]
[Black "Injac, Teodora"]
[Result "1/2-1/2"]
[Board "44"]
[WhiteElo "2134"]
[WhiteCountry "BLR"]
[WhiteFideId "13506501"]
[WhiteEloChange "4"]
[BlackElo "2290"]
[BlackTitle "WIM"]
[BlackCountry "SRB"]
[BlackFideId "932400"]
[BlackEloChange "-4"]

1. d4 {[%clk 1:30:55]} Nf6 {[%clk 1:30:53]} 2. c4 {[%clk 1:31:08]} g6 {[%clk
1:31:11]} 3. Nc3 {[%clk 1:31:18]} Bg7 {[%clk 1:31:34]} 4. e4 {[%clk 1:31:06]} d6
{[%clk 1:31:58]} 5. Nf3 {[%clk 1:31:13]} O-O {[%clk 1:32:11]} 6. Be2 {[%clk
1:31:22]} Nbd7 {[%clk 1:29:33]} 7. O-O {[%clk 1:31:15]} e5 {[%clk 1:30:00]} 8.
Be3 {[%clk 1:31:12]} Re8 {[%clk 1:28:48]} 9. Qc2 {[%clk 1:30:36]} Ng4 {[%clk
1:25:05]} 10. Bg5 {[%clk 1:29:08]} Bf6 {[%clk 1:13:30]} 11. Bxf6 {[%clk 1:28:31]}
Ngxf6 {[%clk 1:13:56]} 12. Rad1 {[%clk 1:21:09]} c6 {[%clk 1:14:02]} 13. Rfe1
{[%clk 1:09:38]} Qe7 {[%clk 1:14:03]} 14. Bf1 {[%clk 1:04:37]} Kg7 {[%clk
1:06:19]} 15. b4 {[%clk 0:55:43]} a6 {[%clk 1:02:35]} 16. c5 {[%clk 0:47:45]}
dxc5 {[%clk 1:01:09]} 17. dxc5 {[%clk 0:47:29]} a5 {[%clk 0:53:58]} 18. a3 {[%clk
0:47:42]} axb4 {[%clk 0:52:46]} 19. axb4 {[%clk 0:48:04]} b6 {[%clk 0:50:25]} 20.
Na4 {[%clk 0:36:13]} bxc5 {[%clk 0:47:37]} 21. bxc5 {[%clk 0:26:57]} Ra5 {[%clk
0:43:22]} 22. Rc1 {[%clk 0:27:10]} Ba6 {[%clk 0:38:00]} 23. Bxa6 {[%clk 0:26:05]}
Rxa6 {[%clk 0:38:29]} 24. Nb2 {[%clk 0:23:37]} Ra2 {[%clk 0:30:42]} 25. Qb1
{[%clk 0:21:06]} Ra3 {[%clk 0:24:22]} 26. Qc2 {[%clk 0:15:07]} Rb8 {[%clk
0:18:25]} 27. Nc4 {[%clk 0:13:37]} Ra6 {[%clk 0:09:48]} 28. Qc3 {[%clk 0:07:34]}
Qxc5 {[%clk 0:04:24]} 1/2-1/2

[Event "European Women's Championship"]
[Site "Vysoke Tatry"]
[Date "2018.04.13"]
[Round "6"]
[White "Ilyuchyk, Yana"]
[Black "Mammadova, Gulnar"]
[Result "0-1"]
[Board "45"]
[WhiteElo "2098"]
[WhiteCountry "BLR"]
[WhiteFideId "13508407"]
[WhiteEloChange "-4"]
[BlackElo "2360"]
[BlackTitle "IM"]
[BlackCountry "AZE"]
[BlackFideId "13403508"]
[BlackEloChange "4"]

1. e4 {[%clk 1:30:57]} e6 {[%clk 1:30:55]} 2. d4 {[%clk 1:31:23]} d5 {[%clk
1:31:20]} 3. exd5 {[%clk 1:31:50]} exd5 {[%clk 1:31:44]} 4. Nf3 {[%clk 1:32:15]}
Bd6 {[%clk 1:32:06]} 5. c4 {[%clk 1:32:38]} Nf6 {[%clk 1:31:57]} 6. Nc3 {[%clk
1:32:36]} O-O {[%clk 1:28:04]} 7. cxd5 {[%clk 1:32:53]} Nbd7 {[%clk 1:26:27]} 8.
Bg5 {[%clk 1:25:16]} h6 {[%clk 1:26:24]} 9. Bxf6 {[%clk 1:20:24]} Nxf6 {[%clk
1:24:11]} 10. Be2 {[%clk 1:18:04]} Bb4 {[%clk 1:22:59]} 11. O-O {[%clk 1:17:44]}
Nxd5 {[%clk 1:22:33]} 12. Qb3 {[%clk 1:17:17]} Bxc3 {[%clk 1:13:28]} 13. bxc3
{[%clk 1:17:41]} Be6 {[%clk 1:07:25]} 14. c4 {[%clk 1:05:50]} Nf4 {[%clk
1:07:32]} 15. Rfe1 {[%clk 0:58:49]} Nxe2+ {[%clk 0:58:41]} 16. Rxe2 {[%clk
0:59:13]} c6 {[%clk 0:58:07]} 17. Rae1 {[%clk 0:45:16]} b5 {[%clk 0:38:17]} 18.
Rxe6 {[%clk 0:44:55]} fxe6 {[%clk 0:37:26]} 19. cxb5 {[%clk 0:45:14]} cxb5 {[%clk
0:34:31]} 20. Rxe6 {[%clk 0:39:53]} Kh8 {[%clk 0:31:24]} 21. h3 {[%clk 0:34:30]}
Qc7 {[%clk 0:28:22]} 22. Qxb5 {[%clk 0:31:02]} Rab8 {[%clk 0:28:00]} 23. Qe5
{[%clk 0:29:52]} Rb1+ {[%clk 0:26:09]} 24. Kh2 {[%clk 0:30:11]} Qxe5+ {[%clk
0:25:40]} 25. dxe5 {[%clk 0:28:27]} Rb6 {[%clk 0:24:28]} 26. Rd6 {[%clk 0:17:07]}
Rxd6 {[%clk 0:10:45]} 27. exd6 {[%clk 0:17:32]} Kg8 {[%clk 0:11:10]} 28. d7
{[%clk 0:16:47]} Kf7 {[%clk 0:10:58]} 29. Ne5+ {[%clk 0:16:53]} Ke6 {[%clk
0:11:22]} 30. Nc6 {[%clk 0:17:12]} Kxd7 {[%clk 0:11:37]} 31. Nxa7 {[%clk
0:17:34]} Rxf2 {[%clk 0:11:36]} 32. Nb5 {[%clk 0:16:37]} Rxa2 {[%clk 0:11:26]}
33. Nd4 {[%clk 0:17:03]} Ke7 {[%clk 0:11:43]} 34. Nf5+ {[%clk 0:09:45]} Kf6
{[%clk 0:12:00]} 35. Ne3 {[%clk 0:10:05]} Ra3 {[%clk 0:11:19]} 36. Nf1 {[%clk
0:08:25]} Ke5 {[%clk 0:09:36]} 37. Kg1 {[%clk 0:07:12]} Kf4 {[%clk 0:09:15]} 38.
Kf2 {[%clk 0:06:05]} Ra2+ {[%clk 0:09:38]} 39. Kg1 {[%clk 0:06:30]} h5 {[%clk
0:07:11]} 40. Kh2 {[%clk 0:36:33]} Ra3 {[%clk 0:36:59]} 41. Kg1 {[%clk 0:35:38]}
g5 {[%clk 0:34:09]} 42. Kf2 {[%clk 0:28:16]} Ra2+ {[%clk 0:34:09]} 43. Kg1 {[%clk
0:27:56]} g4 {[%clk 0:33:26]} 44. Kh2 {[%clk 0:27:47]} Rf2 {[%clk 0:30:13]} 45.
Ng3 {[%clk 0:25:39]} h4 {[%clk 0:31:03]} 46. Nh5+ {[%clk 0:25:11]} Kg5 {[%clk
0:31:03]} 47. hxg4 {[%clk 0:25:32]} Kxg4 {[%clk 0:31:30]} 48. Kg1 {[%clk
0:24:48]} Rf7 {[%clk 0:31:47]} 0-1

[Event "European Women's Championship"]
[Site "Vysoke Tatry"]
[Date "2018.04.13"]
[Round "6"]
[White "Bodnaruk, Anastasia"]
[Black "Motycakova, Monika"]
[Result "1-0"]
[Board "46"]
[WhiteElo "2460"]
[WhiteTitle "IM"]
[WhiteCountry "RUS"]
[WhiteFideId "4181751"]
[WhiteEloChange "2"]
[BlackElo "2207"]
[BlackTitle "WFM"]
[BlackCountry "SVK"]
[BlackFideId "14909626"]
[BlackEloChange "-4"]

1. e4 {[%clk 1:30:58]} e5 {[%clk 1:30:53]} 2. Nf3 {[%clk 1:31:23]} Nc6 {[%clk
1:31:14]} 3. d4 {[%clk 1:31:46]} exd4 {[%clk 1:31:39]} 4. Nxd4 {[%clk 1:32:12]}
Bc5 {[%clk 1:32:02]} 5. Nb3 {[%clk 1:32:36]} Bb4+ {[%clk 1:32:15]} 6. c3 {[%clk
1:32:40]} Be7 {[%clk 1:32:38]} 7. Bd3 {[%clk 1:30:47]} Nf6 {[%clk 1:31:11]} 8. f4
{[%clk 1:28:59]} d6 {[%clk 1:11:33]} 9. O-O {[%clk 1:29:17]} O-O {[%clk 1:09:10]}
10. N1d2 {[%clk 1:16:23]} Re8 {[%clk 1:09:07]} 11. h3 {[%clk 1:07:39]} Bf8 {[%clk
1:08:43]} 12. Qf3 {[%clk 1:04:46]} g6 {[%clk 0:58:13]} 13. Re1 {[%clk 1:04:22]}
Bg7 {[%clk 0:57:28]} 14. Nf1 {[%clk 1:03:36]} Re7 {[%clk 0:53:12]} 15. Bd2 {[%clk
0:57:24]} Qe8 {[%clk 0:52:39]} 16. Ne3 {[%clk 0:46:33]} Bd7 {[%clk 0:45:22]} 17.
g4 {[%clk 0:42:19]} Kh8 {[%clk 0:41:58]} 18. Nd5 {[%clk 0:31:30]} Nxd5 {[%clk
0:42:23]} 19. exd5 {[%clk 0:31:59]} Nd8 {[%clk 0:42:17]} 20. f5 {[%clk 0:29:57]}
gxf5 {[%clk 0:38:03]} 21. Nd4 {[%clk 0:24:39]} fxg4 {[%clk 0:23:07]} 22. hxg4
{[%clk 0:25:03]} Be5 {[%clk 0:22:59]} 23. Rxe5 {[%clk 0:13:37]} Rxe5 {[%clk
0:22:22]} 24. Qf6+ {[%clk 0:14:04]} Kg8 {[%clk 0:22:42]} 25. Kf2 {[%clk 0:13:13]}
Re4 {[%clk 0:13:57]} 26. Bxe4 {[%clk 0:08:43]} Qxe4 {[%clk 0:14:25]} 27. Nf5
{[%clk 0:08:31]} Bxf5 {[%clk 0:10:30]} 28. gxf5 {[%clk 0:08:55]} Qe5 {[%clk
0:10:18]} 29. Rg1+ {[%clk 0:08:15]} Kf8 {[%clk 0:10:43]} 30. Bh6+ {[%clk
0:08:38]} Ke8 {[%clk 0:11:06]} 31. Re1 {[%clk 0:09:01]} 1-0

[Event "European Women's Championship"]
[Site "Vysoke Tatry"]
[Date "2018.04.13"]
[Round "6"]
[White "Arda, Cagil Irmak"]
[Black "Michna, Marta"]
[Result "1-0"]
[Board "47"]
[WhiteElo "2199"]
[WhiteTitle "WFM"]
[WhiteCountry "TUR"]
[WhiteFideId "6351700"]
[WhiteEloChange "14"]
[BlackElo "2367"]
[BlackTitle "WGM"]
[BlackCountry "GER"]
[BlackFideId "1106686"]
[BlackEloChange "-14"]

1. e4 {[%clk 1:30:21]} e6 {[%clk 1:30:37]} 2. d4 {[%clk 1:30:45]} d5 {[%clk
1:31:00]} 3. Nd2 {[%clk 1:31:09]} Nc6 {[%clk 1:31:01]} 4. Ngf3 {[%clk 1:31:15]}
Nf6 {[%clk 1:31:26]} 5. e5 {[%clk 1:31:35]} Nd7 {[%clk 1:31:35]} 6. Be2 {[%clk
1:31:15]} f6 {[%clk 1:31:44]} 7. exf6 {[%clk 1:30:33]} Qxf6 {[%clk 1:32:09]} 8.
Nf1 {[%clk 1:28:29]} Bd6 {[%clk 1:32:34]} 9. Ng3 {[%clk 1:27:59]} O-O {[%clk
1:31:04]} 10. O-O {[%clk 1:27:57]} e5 {[%clk 1:19:04]} 11. dxe5 {[%clk 1:20:49]}
Ndxe5 {[%clk 1:19:29]} 12. Qxd5+ {[%clk 1:18:09]} Be6 {[%clk 1:19:55]} 13. Qe4
{[%clk 1:17:08]} Nxf3+ {[%clk 1:18:37]} 14. Bxf3 {[%clk 1:08:03]} Rae8 {[%clk
0:54:30]} 15. Qa4 {[%clk 1:03:18]} Nd4 {[%clk 0:50:59]} 16. Bxb7 {[%clk 0:58:58]}
Bb3 {[%clk 0:19:34]} 17. Qa6 {[%clk 0:51:20]} Re6 {[%clk 0:10:30]} 18. axb3
{[%clk 0:46:16]} Bxg3 {[%clk 0:10:55]} 19. Bd5 {[%clk 0:46:34]} Bxh2+ {[%clk
0:09:48]} 20. Kh1 {[%clk 0:45:12]} Re8 {[%clk 0:03:18]} 21. Qd3 {[%clk 0:38:53]}
Be5 {[%clk 0:01:55]} 22. c3 {[%clk 0:33:58]} Ne2 {[%clk 0:01:21]} 23. Bd2 {[%clk
0:26:38]} Kh8 {[%clk 0:00:57]} 24. Bxe6 {[%clk 0:26:24]} Rxe6 {[%clk 0:01:22]}
25. g3 {[%clk 0:23:56]} Bf4 {[%clk 0:01:45]} 26. Bxf4 {[%clk 0:21:59]} Nxf4
{[%clk 0:01:49]} 27. Qf3 {[%clk 0:19:48]} g5 {[%clk 0:02:18]} 28. gxf4 {[%clk
0:16:42]} Qh6+ {[%clk 0:01:25]} 29. Kg2 {[%clk 0:14:33]} gxf4 {[%clk 0:01:50]}
30. Rg1 {[%clk 0:14:05]} Qg5+ {[%clk 0:00:47]} 31. Kf1 {[%clk 0:14:25]} 1-0

[Event "European Women's Championship"]
[Site "Vysoke Tatry"]
[Date "2018.04.13"]
[Round "6"]
[White "Zherebtsova, Alexandra"]
[Black "Mamedjarova, Zeinab"]
[Result "0-1"]
[Board "48"]
[WhiteElo "2202"]
[WhiteTitle "WFM"]
[WhiteCountry "RUS"]
[WhiteFideId "24129518"]
[WhiteEloChange "-6"]
[BlackElo "2355"]
[BlackTitle "WGM"]
[BlackCountry "AZE"]
[BlackFideId "13401521"]
[BlackEloChange "6"]

1. d4 {[%clk 1:30:57]} d5 {[%clk 1:30:50]} 2. c4 {[%clk 1:31:20]} e6 {[%clk
1:31:17]} 3. Nf3 {[%clk 1:31:40]} Nf6 {[%clk 1:30:43]} 4. e3 {[%clk 1:27:43]} Be7
{[%clk 1:30:02]} 5. b3 {[%clk 1:26:10]} O-O {[%clk 1:30:10]} 6. Bd3 {[%clk
1:25:39]} b6 {[%clk 1:29:04]} 7. Nbd2 {[%clk 1:21:24]} Bb7 {[%clk 1:28:13]} 8.
O-O {[%clk 1:20:03]} Nbd7 {[%clk 1:28:32]} 9. Bb2 {[%clk 1:18:42]} c5 {[%clk
1:27:10]} 10. Rc1 {[%clk 1:10:29]} dxc4 {[%clk 1:23:57]} 11. bxc4 {[%clk
1:04:02]} Qc7 {[%clk 1:23:02]} 12. Bb1 {[%clk 1:00:26]} Rfd8 {[%clk 1:21:24]} 13.
Qc2 {[%clk 0:58:34]} Rac8 {[%clk 1:16:36]} 14. d5 {[%clk 0:50:51]} exd5 {[%clk
1:10:06]} 15. cxd5 {[%clk 0:51:05]} Nf8 {[%clk 1:04:57]} 16. e4 {[%clk 0:48:04]}
Nh5 {[%clk 1:03:12]} 17. Nc4 {[%clk 0:41:21]} b5 {[%clk 0:51:01]} 18. Ne3 {[%clk
0:38:13]} Ng6 {[%clk 0:45:17]} 19. Nf5 {[%clk 0:33:29]} Bf8 {[%clk 0:45:12]} 20.
Rfd1 {[%clk 0:20:58]} Re8 {[%clk 0:36:42]} 21. d6 {[%clk 0:08:34]} Qd7 {[%clk
0:37:11]} 22. e5 {[%clk 0:06:58]} Nhf4 {[%clk 0:34:00]} 23. Ne1 {[%clk 0:03:18]}
c4 {[%clk 0:33:52]} 24. Bd4 {[%clk 0:03:22]} b4 {[%clk 0:29:27]} 25. f3 {[%clk
0:02:11]} a5 {[%clk 0:29:21]} 26. g3 {[%clk 0:02:09]} Ne6 {[%clk 0:21:39]} 27.
Bf2 {[%clk 0:01:46]} Ng5 {[%clk 0:20:57]} 28. h4 {[%clk 0:00:57]} Nxf3+ {[%clk
0:20:28]} 29. Nxf3 {[%clk 0:01:19]} Bxf3 {[%clk 0:20:51]} 30. Rd4 {[%clk
0:01:23]} Ba8 {[%clk 0:18:29]} 31. Kh2 {[%clk 0:00:38]} b3 {[%clk 0:17:39]} 32.
axb3 {[%clk 0:00:44]} cxb3 {[%clk 0:17:10]} 33. Qb2 {[%clk 0:01:00]} Rxc1 {[%clk
0:17:27]} 34. Qxc1 {[%clk 0:01:25]} Nxe5 {[%clk 0:17:42]} 35. Rd1 {[%clk
0:01:22]} Ng4+ {[%clk 0:17:22]} 36. Kg1 {[%clk 0:01:42]} Qb7 {[%clk 0:17:41]} 0-1

[Event "European Women's Championship"]
[Site "Vysoke Tatry"]
[Date "2018.04.13"]
[Round "6"]
[White "Balajayeva, Khanim"]
[Black "Berke, Ana"]
[Result "1-0"]
[Board "49"]
[WhiteElo "2348"]
[WhiteTitle "WFM"]
[WhiteCountry "AZE"]
[WhiteFideId "13406396"]
[WhiteEloChange "5"]
[BlackElo "2173"]
[BlackTitle "WIM"]
[BlackCountry "CRO"]
[BlackFideId "14510359"]
[BlackEloChange "-5"]

1. e4 {[%clk 1:30:57]} c5 {[%clk 1:30:51]} 2. c3 {[%clk 1:31:24]} Nf6 {[%clk
1:31:15]} 3. e5 {[%clk 1:31:51]} Nd5 {[%clk 1:31:40]} 4. d4 {[%clk 1:32:17]} cxd4
{[%clk 1:32:05]} 5. Nf3 {[%clk 1:32:46]} e6 {[%clk 1:31:31]} 6. cxd4 {[%clk
1:33:01]} d6 {[%clk 1:31:48]} 7. Bc4 {[%clk 1:32:30]} Be7 {[%clk 1:32:10]} 8. O-O
{[%clk 1:32:08]} O-O {[%clk 1:32:23]} 9. Bd2 {[%clk 1:29:17]} b6 {[%clk 1:29:53]}
10. Nc3 {[%clk 1:27:54]} Nxc3 {[%clk 1:28:48]} 11. Bxc3 {[%clk 1:28:16]} Ba6
{[%clk 1:26:02]} 12. Bxa6 {[%clk 1:23:21]} Nxa6 {[%clk 1:26:09]} 13. d5 {[%clk
1:22:20]} Nc7 {[%clk 1:23:01]} 14. dxe6 {[%clk 1:21:05]} Nxe6 {[%clk 1:21:47]}
15. Qe2 {[%clk 1:19:15]} Qe8 {[%clk 1:17:14]} 16. Rad1 {[%clk 1:14:29]} Rd8
{[%clk 1:12:19]} 17. Qa6 {[%clk 0:54:21]} Rd7 {[%clk 1:07:09]} 18. exd6 {[%clk
0:45:33]} Bxd6 {[%clk 1:07:13]} 19. Qb5 {[%clk 0:45:17]} Rd8 {[%clk 1:02:59]} 20.
Qf5 {[%clk 0:44:46]} Qa4 {[%clk 1:00:29]} 21. g3 {[%clk 0:32:58]} Bb8 {[%clk
0:53:34]} 22. Rxd8 {[%clk 0:28:48]} Rxd8 {[%clk 0:50:44]} 23. Ng5 {[%clk
0:28:39]} Nxg5 {[%clk 0:48:48]} 24. Qxg5 {[%clk 0:29:04]} Rd4 {[%clk 0:42:15]}
25. Bxd4 {[%clk 0:28:23]} Qxd4 {[%clk 0:42:35]} 26. Rc1 {[%clk 0:27:51]} f6
{[%clk 0:39:55]} 27. Rc8+ {[%clk 0:28:07]} Kf7 {[%clk 0:40:20]} 28. Qh5+ {[%clk
0:28:30]} g6 {[%clk 0:40:19]} 29. Qxh7+ {[%clk 0:28:54]} Ke6 {[%clk 0:40:47]} 30.
Qg8+ {[%clk 0:28:40]} Kf5 {[%clk 0:40:12]} 31. Rxb8 {[%clk 0:28:44]} 1-0

[Event "European Women's Championship"]
[Site "Vysoke Tatry"]
[Date "2018.04.13"]
[Round "6"]
[White "Ptacnikova, Lenka"]
[Black "Arakhamia-Grant, Ketevan"]
[Result "0-1"]
[Board "50"]
[WhiteElo "2198"]
[WhiteTitle "WGM"]
[WhiteCountry "ISL"]
[WhiteFideId "305650"]
[WhiteEloChange "-6"]
[BlackElo "2347"]
[BlackTitle "GM"]
[BlackCountry "SCO"]
[BlackFideId "13600168"]
[BlackEloChange "6"]

1. c4 {[%clk 1:30:56]} e5 {[%clk 1:30:47]} 2. g3 {[%clk 1:31:20]} g6 {[%clk
1:31:02]} 3. Bg2 {[%clk 1:31:46]} Bg7 {[%clk 1:31:28]} 4. Nc3 {[%clk 1:31:53]} d6
{[%clk 1:31:48]} 5. e4 {[%clk 1:27:50]} Nc6 {[%clk 1:32:01]} 6. Nge2 {[%clk
1:28:00]} f5 {[%clk 1:32:14]} 7. exf5 {[%clk 1:23:36]} Bxf5 {[%clk 1:31:02]} 8.
d4 {[%clk 1:14:30]} exd4 {[%clk 1:17:30]} 9. Bxc6+ {[%clk 1:11:21]} bxc6 {[%clk
1:17:52]} 10. Nxd4 {[%clk 1:11:39]} Bh3 {[%clk 1:02:11]} 11. Nxc6 {[%clk
0:50:25]} Bxc3+ {[%clk 0:40:05]} 12. bxc3 {[%clk 0:50:46]} Qf6 {[%clk 0:40:29]}
13. Nd4 {[%clk 0:43:54]} Ne7 {[%clk 0:40:36]} 14. Bh6 {[%clk 0:41:28]} Rb8 {[%clk
0:22:48]} 15. Qd2 {[%clk 0:29:37]} Qe5+ {[%clk 0:14:12]} 16. Kd1 {[%clk 0:23:44]}
Kd7 {[%clk 0:11:35]} 17. Re1 {[%clk 0:16:51]} Qc5 {[%clk 0:08:30]} 18. Bg7 {[%clk
0:02:21]} Rhe8 {[%clk 0:07:46]} 19. Qh6 {[%clk 0:02:27]} Bf5 {[%clk 0:05:39]} 20.
Qd2 {[%clk 0:01:38]} Qxc4 {[%clk 0:05:20]} 21. Nxf5 {[%clk 0:01:11]} Nxf5 {[%clk
0:04:47]} 22. Bd4 {[%clk 0:00:49]} Qa4+ {[%clk 0:04:18]} 23. Kc1 {[%clk 0:01:05]}
Rxe1+ {[%clk 0:03:26]} 24. Qxe1 {[%clk 0:01:30]} Nxd4 {[%clk 0:03:35]} 0-1

[Event "European Women's Championship"]
[Site "Vysoke Tatry"]
[Date "2018.04.13"]
[Round "6"]
[White "Klek, Hanna Marie"]
[Black "Stetsko, Lanita"]
[Result "0-1"]
[Board "51"]
[WhiteElo "2327"]
[WhiteTitle "WGM"]
[WhiteCountry "GER"]
[WhiteFideId "24670057"]
[WhiteEloChange "-14"]
[BlackElo "2164"]
[BlackTitle "FM"]
[BlackCountry "BLR"]
[BlackFideId "13505300"]
[BlackEloChange "14"]

1. e4 {[%clk 1:30:58]} e5 {[%clk 1:30:51]} 2. Nf3 {[%clk 1:31:23]} Nc6 {[%clk
1:31:15]} 3. Bb5 {[%clk 1:31:49]} a6 {[%clk 1:31:16]} 4. Ba4 {[%clk 1:32:13]} Nf6
{[%clk 1:31:23]} 5. O-O {[%clk 1:32:36]} Be7 {[%clk 1:31:17]} 6. Re1 {[%clk
1:32:53]} b5 {[%clk 1:31:37]} 7. Bb3 {[%clk 1:33:16]} d6 {[%clk 1:32:01]} 8. c3
{[%clk 1:33:41]} O-O {[%clk 1:31:50]} 9. h3 {[%clk 1:34:04]} Na5 {[%clk 1:31:07]}
10. Bc2 {[%clk 1:34:27]} c5 {[%clk 1:31:34]} 11. d4 {[%clk 1:34:51]} Qc7 {[%clk
1:31:42]} 12. Nbd2 {[%clk 1:35:10]} cxd4 {[%clk 1:30:31]} 13. cxd4 {[%clk
1:35:32]} Rd8 {[%clk 1:30:56]} 14. Nf1 {[%clk 1:33:23]} exd4 {[%clk 1:23:00]} 15.
Nxd4 {[%clk 1:31:34]} d5 {[%clk 1:23:06]} 16. e5 {[%clk 1:28:58]} Ne4 {[%clk
1:21:45]} 17. a3 {[%clk 1:20:54]} Bc5 {[%clk 1:11:28]} 18. Be3 {[%clk 1:03:20]}
Nc4 {[%clk 1:08:11]} 19. b4 {[%clk 0:59:12]} Bb6 {[%clk 1:02:07]} 20. a4 {[%clk
0:54:22]} bxa4 {[%clk 0:51:05]} 21. Bxa4 {[%clk 0:51:15]} Bb7 {[%clk 0:42:59]}
22. Rc1 {[%clk 0:38:01]} Nxe3 {[%clk 0:38:29]} 23. fxe3 {[%clk 0:35:11]} Qxe5
{[%clk 0:35:24]} 24. Bc6 {[%clk 0:33:20]} Bxd4 {[%clk 0:33:34]} 25. exd4 {[%clk
0:30:54]} Qe7 {[%clk 0:33:08]} 26. Ne3 {[%clk 0:27:53]} Bxc6 {[%clk 0:29:00]} 27.
Rxc6 {[%clk 0:28:17]} Qxb4 {[%clk 0:28:45]} 28. Nxd5 {[%clk 0:27:46]} Rxd5 {[%clk
0:29:05]} 29. Rxe4 {[%clk 0:28:12]} g6 {[%clk 0:27:54]} 30. Rc7 {[%clk 0:17:31]}
Rad8 {[%clk 0:26:07]} 31. Qf1 {[%clk 0:16:29]} Rf5 {[%clk 0:25:43]} 32. Qa1
{[%clk 0:16:38]} a5 {[%clk 0:24:45]} 33. Rce7 {[%clk 0:12:30]} Rdd5 {[%clk
0:20:31]} 34. Kh1 {[%clk 0:11:08]} Qc4 {[%clk 0:19:38]} 35. Qa3 {[%clk 0:11:01]}
Kg7 {[%clk 0:18:06]} 36. Qe3 {[%clk 0:07:32]} a4 {[%clk 0:17:04]} 37. Ra7 {[%clk
0:04:33]} Qb4 {[%clk 0:11:15]} 38. Qd3 {[%clk 0:03:30]} Qb3 {[%clk 0:09:00]} 39.
Re3 {[%clk 0:01:52]} Qxd3 {[%clk 0:08:09]} 40. Rxd3 {[%clk 0:32:21]} Ra5 {[%clk
0:38:28]} 41. Rxa5 {[%clk 0:24:23]} Rxa5 {[%clk 0:38:46]} 42. Ra3 {[%clk
0:24:50]} Kf6 {[%clk 0:39:03]} 43. Kg1 {[%clk 0:25:16]} Kf5 {[%clk 0:39:21]} 0-1